[Event "ICS rated blitz match"]
[Site "204.178.125.65"]
[Date "2000.04.03"]
[Round "?"]
[White "QueenMaxima"]
[Black "Hossa"]
[Result "1-0"]
[WhiteElo "2516"]
[BlackElo "2504"]
[PlyCount "141"]

1. d4 d5 2. c4 e6 3. Nc3 Nf6 4. Nf3 c5 5. cxd5 Nxd5 6. e3 Nc6 7. Bd3 cxd4 8.
exd4 Bb4 9. Bd2 Nf6 10. a3 Be7 11. Be3 O-O 12. Qc2 Bd7 13. O-O Rc8 14. b4 Qc7
15. Rfc1 Rfe8 16. Ng5 g6 17. Nf3 Bd6 18. Nb5 Qb8 19. Nxd6 Qxd6 20. Qb3 a6 21.
Rc5 Ng4 22. Rac1 b6 23. R5c3 b5 24. Be4 Nf6 25. Bb1 e5 26. dxe5 Nxe5 27. Nxe5
Qxe5 28. Rc5 Rxc5 29. Rxc5 Qb8 30. Qd1 Bc8 31. h3 Be6 32. Qf3 Nd7 33. Bf4 Qd8
34. Rc7 Nf6 35. Rc1 Nd5 36. Bg3 Qg5 37. Rc5 Qd2 38. Be4 Nb6 39. Bb7 Bc4 40. Qf4
Qd7 41. Qc7 Qd1+ 42. Kh2 Na4 43. Re5 Rf8 44. Bf4 Nc3 45. Bh6 Ne2 46. Rxe2 Qxe2
47. Bxf8 Kxf8 48. Bxa6 Qxf2 49. Qc5+ Qxc5 50. bxc5 Bd5 51. Bxb5 Ke7 52. a4 Ke6
53. a5 Ba8 54. Be2 Kd7 55. a6 Kc7 56. Kg3 Be4 57. Bf3 Bc6 58. Kf4 Bxf3 59. Kxf3
h5 60. Ke4 f6 61. Kd5 f5 62. c6 Kb6 63. Kd6 Kxa6 64. c7 Kb7 65. Kd7 Kb6 66.
c8=Q Kb5 67. Qc3 h4 68. Kd6 g5 69. Qb3+ Ka6 70. Kc6 f4 71. Qb6# 1-0

[Event "ICS rated blitz match"]
[Site "204.178.125.65"]
[Date "2000.04.03"]
[Round "?"]
[White "Christensen"]
[Black "Hossa"]
[Result "0-1"]
[WhiteElo "2526"]
[BlackElo "2489"]
[PlyCount "74"]

1. e4 e5 2. Nf3 Nc6 3. Nc3 Nf6 4. Bb5 Nd4 5. Bc4 Bc5 6. Nxe5 Qe7 7. Nd3 b5 8.
Bb3 b4 9. Ne2 Ba6 10. O-O Nxe4 11. Nef4 Nxb3 12. axb3 Bxd3 13. Nxd3 O-O 14.
Nxc5 Qxc5 15. d3 Nf6 16. Be3 Qe5 17. Bxa7 Qxb2 18. Bc5 d6 19. Rxa8 Rxa8 20.
Bxb4 Ra2 21. c4 c5 22. Be1 h6 23. h3 Ra3 24. Qf3 Qxb3 25. Bd2 Qxd3 26. Qxd3
Rxd3 27. Bf4 Rd4 28. Bh2 Ne4 29. Rc1 Nd2 30. f3 Kh7 31. Bg3 Rxc4 32. Rxc4 Nxc4
33. Kf2 d5 34. Ke2 Na5 35. Bd6 Nb7 36. Be7 f6 37. g4 Kg6 0-1

[Event "ICS rated blitz match"]
[Site "204.178.125.65"]
[Date "2000.04.03"]
[Round "?"]
[White "Hossa"]
[Black "Christensen"]
[Result "1-0"]
[WhiteElo "2507"]
[BlackElo "2508"]
[PlyCount "98"]

1. e4 c5 2. Nf3 e6 3. d4 d5 4. exd5 exd5 5. Bb5+ Nc6 6. O-O Nf6 7. Ne5 Qb6 8.
Qe2 Be6 9. Re1 O-O-O 10. dxc5 Bxc5 11. Bxc6 bxc6 12. Nc3 Bd6 13. a4 Kb7 14. a5
Qc7 15. Bg5 Bxe5 16. Qxe5 Qxe5 17. Rxe5 Nd7 18. a6+ Kc8 19. Re2 Rde8 20. Be3
Kb8 21. f3 Bf5 22. Rae1 Ka8 23. Bd4 Rxe2 24. Rxe2 Be6 25. Bxg7 Rb8 26. Na4 Rb5
27. Bc3 c5 28. Be1 Nb6 29. Nxb6+ axb6 30. b3 Ka7 31. Re5 Kxa6 32. f4 d4 33. f5
Bc8 34. Rd5 d3 35. Rxd3 Bxf5 36. Rd2 Ra5 37. Rd8 Bxc2 38. Ra8+ Kb5 39. Bxa5
bxa5 40. Rb8+ Kc6 41. Kf2 c4 42. bxc4 a4 43. Ke3 Kc5 44. Rc8+ Kb4 45. Kd4 a3
46. Rb8+ Ka4 47. Kc3 Be4 48. Rb4+ Ka5 49. Kb3 Bc2+ 1-0

[Event "ICS rated blitz match"]
[Site "204.178.125.65"]
[Date "2000.04.03"]
[Round "?"]
[White "Hossa"]
[Black "QueenMaxima"]
[Result "0-1"]
[WhiteElo "2523"]
[BlackElo "2531"]
[PlyCount "102"]

1. e4 Nf6 2. e5 Nd5 3. d4 d6 4. c4 Nb6 5. exd6 exd6 6. Nc3 Be7 7. h3 Bf5 8. Be2
O-O 9. Nf3 N8d7 10. O-O Bf6 11. Bf4 Re8 12. Re1 h6 13. Be3 c6 14. Bd3 Be6 15.
b3 d5 16. Qe2 c5 17. Nb5 dxc4 18. bxc4 cxd4 19. Nfxd4 Nc5 20. Rad1 Bxd4 21.
Nxd4 Nxd3 22. Nxe6 Rxe6 23. Rxd3 Qc7 24. Rd4 Rc8 25. Qd3 Nxc4 26. Rc1 Rc6 27.
Rd7 Qb8 28. Qb3 b6 29. Re7 a6 30. Rd1 Rd8 31. Re1 Rcc8 32. Bc1 Rc7 33. R1e2
Rxe7 34. Rxe7 Qd6 35. Re1 Qc7 36. Qc2 Qc6 37. Qe2 Qa4 38. Bf4 Rd4 39. Bc7 Rd2
40. Qg4 Qc6 41. Qc8+ Kh7 42. Qf5+ Qg6 43. Qf4 Rc2 44. Re7 b5 45. a4 bxa4 46.
Rxf7 Nd2 47. Re7 Rc1+ 48. Re1 Rxe1+ 49. Kh2 Nf1+ 50. Kg1 Ne3+ 51. Kh2 Qxg2# 0-1

[Event "ICS rated blitz match"]
[Site "204.178.125.65"]
[Date "2000.04.03"]
[Round "?"]
[White "Christensen"]
[Black "Hossa"]
[Result "0-1"]
[WhiteElo "2466"]
[BlackElo "2507"]
[PlyCount "44"]

1. d4 Nf6 2. c4 e6 3. e3 c5 4. Nf3 d5 5. Nc3 Nc6 6. a3 cxd4 7. exd4 Be7 8. Bd3
dxc4 9. Bxc4 O-O 10. O-O Bd7 11. Bg5 Rc8 12. Re1 Ng4 13. Bxe7 Nxe7 14. Bd3 Nf6
15. Ne4 Nxe4 16. Rxe4 Bc6 17. Rh4 Ng6 18. Rh3 Bxf3 19. Qxf3 Qxd4 20. Re1 Qxb2
21. Qh5 h6 22. Rg3 Nf4 0-1

[Event "ICS rated blitz match"]
[Site "204.178.125.65"]
[Date "2000.04.03"]
[Round "?"]
[White "Hossa"]
[Black "QueenMaxima"]
[Result "0-1"]
[WhiteElo "2521"]
[BlackElo "2539"]
[PlyCount "136"]

1. e4 Nf6 2. e5 Nd5 3. d4 d6 4. Nf3 Bg4 5. Be2 e6 6. O-O Be7 7. c4 Nb6 8. Nc3
O-O 9. Be3 a5 10. exd6 cxd6 11. Nd2 Bf5 12. d5 N8d7 13. Bg4 Bxg4 14. Qxg4 exd5
15. cxd5 Qc7 16. Bxb6 Nxb6 17. Rac1 Rac8 18. Rfe1 Bf6 19. Nce4 Qe7 20. Rxc8
Nxc8 21. Nc4 Bxb2 22. Qe2 Be5 23. Nxa5 Qh4 24. g3 Qe7 25. Nc4 f5 26. Ned2 Re8
27. Nf3 Qf7 28. Ng5 Qg6 29. Ne6 Bd4 30. Qd3 Bc5 31. Qc2 b6 32. a4 Qf6 33. Qd2
Qf7 34. Qg5 Kh8 35. Re2 Re7 36. Ne3 Bxe3 37. Qxe3 Qg8 38. Qf4 Rf7 39. Qc4 Rd7
40. Qc6 Re7 41. Rc2 Re8 42. Qd7 h6 43. Rc4 g6 44. Rc7 Ne7 45. Qxd6 Qf7 46. Qf4
g5 47. Qd4+ Kg8 48. Qb2 f4 49. Ra7 Qg6 50. Rd7 f3 51. Rb7 g4 52. Rd7 Qf7 53.
Qa3 Qf6 54. Kf1 Nxd5 55. Nc7 Qe5 56. Rg7+ Kh8 57. Rh7+ Kxh7 58. Qd3+ Kh8 59.
Qd1 Qe2+ 60. Qxe2 fxe2+ 61. Ke1 Nxc7 62. f4 gxf3 63. a5 bxa5 64. h4 Re3 65. h5
f2+ 66. Kd2 e1=Q+ 67. Kc2 f1=R 68. Kb2 Rf2# 0-1

[Event "ICS rated blitz match"]
[Site "204.178.125.65"]
[Date "2000.04.03"]
[Round "?"]
[White "QueenMaxima"]
[Black "Hossa"]
[Result "1-0"]
[WhiteElo "2554"]
[BlackElo "2506"]
[PlyCount "83"]

1. d4 d5 2. c4 e6 3. Nc3 Nf6 4. Nf3 Be7 5. Bg5 h6 6. Bxf6 Bxf6 7. e3 Nc6 8. Qb3
Na5 9. Qa4+ c6 10. cxd5 b5 11. Nxb5 cxb5 12. Bxb5+ Kf8 13. dxe6 Bxe6 14. O-O
Rb8 15. h3 Be7 16. e4 a6 17. Bxa6 Rxb2 18. d5 Bd7 19. Qd4 Rc2 20. d6 Bg5 21.
Qd3 Ba4 22. Qa3 Bd7 23. Bd3 Rc6 24. Ne5 Bf6 25. Nxc6 Nxc6 26. Rab1 Nd4 27. Rfc1
h5 28. Qa7 Be8 29. Rb8 Qxd6 30. Rcc8 g6 31. Rxe8+ Kg7 32. Rxh8 Be5 33. Rhg8+
Kf6 34. Rb6 Nc6 35. Qa6 Kg5 36. Rxc6 Bh2+ 37. Kh1 Qe6 38. Rxe6 f6 39. Kxh2 Kh6
40. Qa7 h4 41. Rh8+ Kg5 42. Qe3# 1-0

[Event "ICS rated blitz match"]
[Site "204.178.125.65"]
[Date "2000.04.03"]
[Round "?"]
[White "Hossa"]
[Black "Christensen"]
[Result "1-0"]
[WhiteElo "2488"]
[BlackElo "2469"]
[PlyCount "58"]

1. e4 e5 2. Nf3 Nf6 3. Nxe5 d6 4. Nf3 Nxe4 5. d4 d5 6. Bd3 Bd6 7. O-O O-O 8. c4
Bg4 9. cxd5 f5 10. Nc3 Nd7 11. h3 Bh5 12. Nxe4 fxe4 13. Bxe4 Nf6 14. Bf5 Kh8
15. Be6 Qe8 16. Qb3 Ne4 17. Ne5 Bxe5 18. dxe5 Nc5 19. Qc4 Nxe6 20. dxe6 Qe7 21.
Qd5 c6 22. Qd7 Rfe8 23. g4 Bg6 24. Qxe7 Rxe7 25. f4 Bd3 26. Rd1 Bc2 27. Rd2 Be4
28. Rd4 Bc2 29. f5 g5 1-0

[Event "ICS rated blitz match"]
[Site "204.178.125.65"]
[Date "2000.04.03"]
[Round "?"]
[White "BOKTA"]
[Black "Hossa"]
[Result "0-1"]
[WhiteElo "2049"]
[BlackElo "2503"]
[PlyCount "142"]

1. d4 d5 2. c3 e6 3. Bf4 Bd6 4. Bxd6 cxd6 5. Nd2 Nf6 6. Ngf3 Nc6 7. e3 e5 8.
Bb5 e4 9. Ng1 a6 10. Ba4 b5 11. Bb3 O-O 12. Ne2 a5 13. a3 Be6 14. O-O Ng4 15.
h3 Nf6 16. Nf4 g5 17. Nxe6 fxe6 18. Qe2 Rb8 19. Kh2 Qc7 20. Rg1 Qf7 21. g4 Nd7
22. Rg2 a4 23. Ba2 Nb6 24. Nf1 Na8 25. Ng3 Nc7 26. Rf1 Ne7 27. Bb1 Ng6 28. Rgg1
Nh4 29. Rh1 Nf3+ 30. Kg2 Ne8 31. Bc2 Nh4+ 32. Kg1 Nc7 33. Bd1 Nf3+ 34. Kg2 Rbd8
35. Qc2 Nh4+ 36. Kh2 Na6 37. Qe2 Nf3+ 38. Kg2 Rb8 39. Qc2 Rb7 40. Bxf3 Qxf3+
41. Kh2 Rbf7 42. Rhg1 Qxf2+ 43. Rxf2 Rxf2+ 44. Qxf2 Rxf2+ 45. Rg2 Rf3 46. Re2
Nb8 47. Kg2 Nc6 48. Nf1 Kf7 49. Nd2 Rf6 50. Nf1 Na5 51. Nd2 e5 52. Rf2 Rxf2+
53. Kxf2 Nc6 54. Kg3 Ke7 55. Kf2 exd4 56. cxd4 Kd7 57. Ke2 Nd8 58. Nf1 Nb7 59.
Kd2 Na5 60. Kc3 Nc4 61. Kb4 Kc6 62. Kc3 Kb6 63. b3 Nxa3 64. bxa4 bxa4 65. Kb4
Nb1 66. Kxa4 Nc3+ 67. Kb4 Nd1 68. Ng3 Nxe3 69. Nf5 Ng2 70. Nxd6 e3 71. Kc3 e2
0-1

[Event "ICS rated blitz match"]
[Site "204.178.125.65"]
[Date "2000.04.03"]
[Round "?"]
[White "Hossa"]
[Black "Zippy"]
[Result "0-1"]
[WhiteElo "2505"]
[BlackElo "2250"]
[PlyCount "178"]

1. e4 c5 2. Nf3 Nc6 3. d4 cxd4 4. Nxd4 Nf6 5. Nc3 d6 6. Bg5 Bd7 7. Qd2 Nxd4 8.
Qxd4 Qa5 9. Bd2 e5 10. Qd3 Rc8 11. Be2 Qb6 12. O-O Be7 13. Rab1 Qd4 14. Be3
Qxd3 15. Bxd3 a6 16. Rbd1 Bd8 17. Bg5 h6 18. Bh4 g5 19. Bg3 Nh5 20. Be2 Nxg3
21. hxg3 Rc6 22. Rc1 g4 23. Rfd1 Bg5 24. Ra1 f5 25. exf5 Bxf5 26. Bd3 O-O 27.
Bxf5 Rxf5 28. Rd5 Kg7 29. Rad1 Be7 30. R5d2 Rc4 31. Re2 b5 32. Nd5 Bg5 33. b3
Rc5 34. b4 Rc4 35. Kf1 Rc6 36. a3 Rf8 37. Kg1 Kg6 38. a4 bxa4 39. c3 Kf5 40.
Ra2 a5 41. Rxa4 axb4 42. Rxb4 Rc5 43. Rd3 Ke6 44. c4 Ra8 45. f4 gxf3 46. gxf3
Ra1+ 47. Kf2 Rc1 48. f4 exf4 49. gxf4 Bh4+ 50. Kg2 R1xc4 51. Rxc4 Rxc4 52. Kf3
h5 53. Ne3 Rc5 54. Ke4 Bg3 55. f5+ Kf7 56. Nd5 Rc4+ 57. Kf3 Be5 58. Rb3 Rd4 59.
Rb7+ Kf8 60. Rb5 Kg7 61. Ra5 h4 62. Ke3 h3 63. f6+ Kg6 64. f7 Kxf7 65. Ra7+ Ke6
66. Nc7+ Kf5 67. Ne8 h2 68. Rf7+ Kg6 69. Rf1 Rg4 70. Rh1 Rg1 71. Rxh2 Bxh2 72.
Nc7 Kf5 73. Nd5 Ke5 74. Ne7 Rg3+ 75. Ke2 d5 76. Nc6+ Ke4 77. Kd1 d4 78. Nb4 d3
79. Ke1 Rg1+ 80. Kd2 Bf4+ 81. Kc3 d2 82. Na6 Rc1+ 83. Kb4 d1=Q 84. Nc5+ Rxc5
85. Kxc5 Qd5+ 86. Kb6 Kd4 87. Ka6 Bc7 88. Ka7 Kc4 89. Ka6 Qa8# 0-1

[Event "ICS rated standard match"]
[Site "204.178.125.65"]
[Date "2000.04.03"]
[Round "?"]
[White "Fischer5000"]
[Black "Hossa"]
[Result "1/2-1/2"]
[WhiteElo "2357"]
[BlackElo "2301"]
[PlyCount "142"]

1. b3 e5 2. Bb2 Nc6 3. c4 Nf6 4. e3 d5 5. cxd5 Nxd5 6. Bb5 Bd7 7. Ne2 Ndb4 8.
O-O a6 9. Bxc6 Bxc6 10. d4 e4 11. Nd2 Nd3 12. Qc2 Bd6 13. Nc3 Nb4 14. Qb1 f5
15. a3 Nd3 16. Qc2 Be7 17. Rad1 O-O 18. Ne2 Be8 19. Nc4 Bh5 20. Rd2 Bxe2 21.
Rxe2 Bd6 22. Rd2 f4 23. Rb1 fxe3 24. Nxe3 Qh4 25. g3 Qh3 26. b4 Rf3 27. Re2
Raf8 28. Rf1 R8f7 29. d5 a5 30. Bc3 axb4 31. axb4 Rf8 32. Qa2 b6 33. Ba1 Nxb4
34. Qc4 Re8 35. Bc3 Nd3 36. Bd4 Re7 37. Ba1 Kh8 38. Ra2 Rf8 39. Bd4 Be5 40.
Bxe5 Nxe5 41. Qxe4 Ree8 42. Qg2 Qxg2+ 43. Kxg2 Rf7 44. f4 Nd7 45. Ra3 Nf6 46.
Rd1 Rfe7 47. Kf3 Ne4 48. Rc1 b5 49. Rd3 Kg8 50. Nf5 Rd7 51. Rb1 g6 52. Ne3 c6
53. Rc1 c5 54. Ng4 Ra7 55. d6 Ra4 56. d7 Rd8 57. Rc2 c4 58. Rd5 c3 59. Re2 Nd2+
60. Kf2 Kf8 61. Nf6 Kg7 62. Rd6 c2 63. Re7+ Kf8 64. Re8+ Kf7 65. Rxd8 c1=Q 66.
Rf8+ Kg7 67. Rg8+ Kh6 68. Ng4+ Kh5 69. Nf6+ Kh6 70. Ng4+ Kh5 71. Nf6+ Kh6
1/2-1/2

[Event "ICS rated standard match"]
[Site "204.178.125.65"]
[Date "2000.04.03"]
[Round "?"]
[White "Hossa"]
[Black "san1969"]
[Result "1/2-1/2"]
[WhiteElo "2301"]
[BlackElo "2127"]
[PlyCount "187"]

1. e4 e6 2. d4 d5 3. Nc3 Bb4 4. e5 c5 5. a3 Bxc3+ 6. bxc3 Ne7 7. Qg4 O-O 8. Bd3
f5 9. exf6 Rxf6 10. Bg5 Rf7 11. Qh4 h6 12. Bxe7 Qxe7 13. Qxe7 Rxe7 14. O-O-O
Rf7 15. Nf3 c4 16. Bg6 Rf6 17. Be8 g6 18. Ne5 Kf8 19. Bxg6 Nd7 20. Nxd7+ Bxd7
21. Bh5 Rxf2 22. Rdf1 Rxf1+ 23. Rxf1+ Ke7 24. Rf7+ Kd6 25. Rh7 Rf8 26. Rxh6 Rf2
27. Rg6 Be8 28. Rg5 Bxh5 29. Rxh5 Rxg2 30. Rh7 b6 31. Kb2 a5 32. h4 Rh2 33. a4
b5 34. axb5 a4 35. Ra7 Rxh4 36. Rxa4 Rh1 37. Ra6+ Kd7 38. Ra7+ Kd6 39. Rf7 Rh8
40. Rb7 Rh3 41. Rb8 Kc7 42. Ra8 Kb6 43. Ra6+ Kxb5 44. Rxe6 Rh5 45. Rd6 Ka4 46.
Rc6 Rh8 47. Ra6+ Kb5 48. Rd6 Rh5 49. Ka3 Rf5 50. Rh6 Rf2 51. Kb2 Rf8 52. Rd6
Rf5 53. Rg6 Rf8 54. Rh6 Rb8 55. Rh7 Kc6+ 56. Kc1 Rg8 57. Rh6+ Kd7 58. Rh3 Rg2
59. Rh7+ Kd6 60. Rh6+ Kd7 61. Kb2 Re2 62. Rg6 Re1 63. Rg8 Re3 64. Rf8 Re1 65.
Rf7+ Ke6 66. Rf4 Ke7 67. Rg4 Ke6 68. Rh4 Kd7 69. Rh5 Kd6 70. Rh2 Kc6 71. Rh6+
Kd7 72. Rh7+ Kd6 73. Rh5 Kc6 74. Rf5 Kd6 75. Rg5 Kc6 76. Rg8 Kb5 77. Rg6 Rf1
78. Re6 Rg1 79. Rd6 Rg5 80. Ka2 Rh5 81. Rd7 Kc6 82. Rf7 Rh2 83. Kb2 Re2 84.
Rf6+ Kd7 85. Rf5 Ke6 86. Rf1 Kd7 87. Rg1 Kc6 88. Kc1 Kd6 89. Rg6+ Kc7 90. Rg7+
Kd6 91. Kb2 Re3 92. Rg6+ Kd7 93. Rg5 Kd6 94. Rg7 1/2-1/2

[Event "ICS rated blitz match"]
[Site "204.178.125.65"]
[Date "2000.04.03"]
[Round "?"]
[White "Tinker"]
[Black "Hossa"]
[Result "1-0"]
[WhiteElo "2453"]
[BlackElo "2479"]
[PlyCount "133"]

1. e4 e5 2. Nf3 Nc6 3. Bc4 Bc5 4. c3 Nf6 5. d3 d6 6. Bb5 O-O 7. Bxc6 bxc6 8.
Nbd2 Bg4 9. Qc2 Qe7 10. h3 Bh5 11. g4 Bg6 12. Nc4 d5 13. Ncd2 a6 14. Qa4 Qe6
15. Nh4 a5 16. Nb3 Bb6 17. Rh2 Nd7 18. Bd2 Ra7 19. O-O-O Raa8 20. Bg5 Kh8 21.
Kb1 Ra7 22. Rg2 Nf6 23. Nxg6+ fxg6 24. Bh4 Rb8 25. Nc1 Rab7 26. Rdg1 Ba7 27.
Nb3 Qd6 28. Ka1 Bb6 29. Rb1 Ra7 30. Re1 Qe6 31. c4 dxe4 32. c5 exd3 33. cxb6
cxb6 34. Nd2 Qd5 35. Rg3 Rf7 36. Qa3 Rd7 37. Rge3 Re8 38. f4 e4 39. Qc3 Rd6 40.
Bxf6 gxf6 41. Nxe4 d2 42. Nxd2 Rxe3 43. Qxe3 h5 44. f5 Qf7 45. Qh6+ Kg8 46.
fxg6 Qd7 47. Re8+ Qxe8 48. Qh7+ Kf8 49. g7+ Ke7 50. g8=Q+ Kd8 51. Qb3 b5 52.
Qa3 Qe1+ 53. Nb1 Rd7 54. Qg8+ Kc7 55. gxh5 Rd5 56. Qaf8 Kb6 57. Qb8+ Kc5 58.
Qgf8+ Kc4 59. Qf4+ Rd4 60. Qf7+ Qe6 61. Qxe6+ Kc5 62. Qe7+ Kc4 63. Qe6+ Kc5 64.
Qef5+ Rd5 65. Qc2+ Kb6 66. Qb8+ Ka6 67. Qxc6# 1-0

[Event "ICS rated blitz match"]
[Site "204.178.125.65"]
[Date "2000.04.03"]
[Round "?"]
[White "Hossa"]
[Black "Punchingbag"]
[Result "1-0"]
[WhiteElo "2462"]
[BlackElo "1952"]
[PlyCount "33"]

1. e4 e5 2. Nf3 Nc6 3. Nc3 Nf6 4. Nxe5 Nxe5 5. d4 Ng6 6. e5 Ng8 7. Bc4 d6 8.
Qf3 Qe7 9. Bb5+ Bd7 10. Qxb7 Rd8 11. Nd5 Qe6 12. Nxc7+ Ke7 13. Nxe6 fxe6 14.
Bg5+ Nf6 15. Bxd7 Rxd7 16. exf6+ gxf6 17. Bxf6+ 1-0

[Event "ICS Rated blitz match"]
[Site "204.178.125.65"]
[Date "2000.04.03"]
[Round "?"]
[White "Punchingbag"]
[Black "Hossa"]
[Result "0-1"]
[WhiteElo "1931"]
[BlackElo "2464"]
[PlyCount "32"]

1. e4 e5 2. Nf3 Nc6 3. Bc4 Bc5 4. c3 Nf6 5. d4 exd4 6. O-O Nxe4 7. Re1 d5 8.
cxd4 Bb4 9. Rxe4+ dxe4 10. Ng5 Qxd4 11. Bxf7+ Ke7 12. Qxd4 Nxd4 13. Bd2 Bxd2
14. Nxd2 h6 15. Ngxe4 Kxf7 16. Re1 Re8 0-1

[Event "ICS rated standard match"]
[Site "204.178.125.65"]
[Date "2000.04.03"]
[Round "?"]
[White "san1969"]
[Black "Hossa"]
[Result "0-1"]
[WhiteElo "2178"]
[BlackElo "2296"]
[PlyCount "134"]

1. e4 e5 2. Nf3 Nc6 3. Bb5 a6 4. Bxc6 dxc6 5. O-O Qd6 6. d3 f6 7. Be3 Bg4 8.
Nbd2 Ne7 9. h3 Be6 10. d4 exd4 11. Nxd4 Bf7 12. Qe2 O-O-O 13. Rfd1 g5 14. N2f3
Qb4 15. e5 Bc4 16. Qd2 Qxb2 17. exf6 Nf5 18. a3 Nxe3 19. Rdb1 Nxc2 20. Rxb2
Nxd4 21. Nxd4 Bc5 22. Rc1 Rxd4 23. Qa5 Rd5 24. Rxc4 Bxf2+ 25. Rxf2 Rxa5 26. f7
Rf8 27. Re4 Kd8 28. h4 h6 29. hxg5 hxg5 30. Kf1 Rd5 31. Re3 c5 32. Rh3 b5 33.
Rh7 b4 34. axb4 cxb4 35. Ke2 a5 36. Ke3 a4 37. Ke4 Ra5 38. Rc2 a3 39. Ra2 b3
40. Rd2+ Kc8 41. Rh1 Rxf7 42. g3 Re7+ 43. Kd4 Rd7+ 44. Kc3 Rxd2 45. Kxd2 Rc5
46. Rc1 Rxc1 47. Kxc1 b2+ 48. Kb1 a2+ 49. Kxa2 b1=Q+ 50. Kxb1 Kd7 51. Kc2 Ke6
52. Kd3 Kf5 53. Ke3 Kg4 54. Kf2 c5 55. Kg2 c4 56. Kf2 c3 57. Ke3 Kxg3 58. Kd3
Kf3 59. Kxc3 g4 60. Kd4 g3 61. Kc4 g2 62. Kd5 g1=Q 63. Ke5 Qd1 64. Ke6 Kf4 65.
Ke7 Kf5 66. Ke8 Kf6 67. Kf8 Qd8# 0-1

[Event "ICS rated standard match"]
[Site "204.178.125.65"]
[Date "2000.04.03"]
[Round "?"]
[White "Hossa"]
[Black "san1969"]
[Result "0-1"]
[WhiteElo "2305"]
[BlackElo "2166"]
[PlyCount "166"]

1. e4 c5 2. Nf3 d6 3. d4 cxd4 4. Nxd4 Nf6 5. Nc3 a6 6. Bg5 Nc6 7. Qd2 e6 8.
O-O-O Bd7 9. f3 Rc8 10. Nxc6 Bxc6 11. Bf4 d5 12. exd5 Nxd5 13. Nxd5 Qxd5 14.
Qxd5 Bxd5 15. Kb1 f6 16. Be3 Rd8 17. Bd3 Bd6 18. Bb6 Rd7 19. c4 Bc6 20. Bc2 Ke7
21. Rd3 h6 22. c5 Be5 23. Rxd7+ Bxd7 24. h4 Rc8 25. Be4 Bc6 26. Bg6 Bg3 27. h5
Bc7 28. Bxc7 Rxc7 29. Rd1 a5 30. b3 Bb5 31. Rc1 Rd7 32. Rc3 Rd2 33. g3 Bc6 34.
Re3 Bd5 35. a3 Kd7 36. Bf7 Rh2 37. Kc1 Ke7 38. Bg6 Rg2 39. f4 Rf2 40. Rd3 Re2
41. a4 Kd7 42. Bf7 Kc6 43. Rc3 e5 44. Kd1 Re4 45. Be8+ Kc7 46. Rd3 Be6 47. Bg6
Rb4 48. Kc2 exf4 49. Kb2 fxg3 50. Rxg3 Kc6 51. Re3 Bg8 52. Rc3 Kd5 53. Bd3 Ke5
54. Bg6 f5 55. Re3+ Kd4 56. Rf3 Bd5 57. Rf4+ Kxc5 58. Rxf5 Rxb3+ 59. Kc1 Rf3
60. Re5 Kd4 61. Re7 Kc3 62. Bc2 Rf1+ 63. Bd1 Bb3 64. Re3+ Kc4 65. Rxb3 Rxd1+
66. Kb2 Rb1+ 67. Kxb1 Kxb3 68. Ka1 Kxa4 69. Ka2 b5 70. Kb1 Kb3 71. Kc1 Kc3 72.
Kd1 b4 73. Ke2 b3 74. Kf3 a4 75. Ke4 b2 76. Kf5 b1=Q+ 77. Ke5 a3 78. Kd6 Qb6+
79. Kd7 a2 80. Ke7 Qf6+ 81. Kd7 a1=Q 82. Kc7 Qa7+ 83. Kc8 Qf8# 0-1

[Event "ICS rated standard match"]
[Site "204.178.125.65"]
[Date "2000.04.03"]
[Round "?"]
[White "Hossa"]
[Black "GodsProperty"]
[Result "0-1"]
[WhiteElo "2286"]
[BlackElo "2283"]
[PlyCount "118"]

1. e4 c5 2. Nf3 d6 3. Bb5+ Nd7 4. d4 Ngf6 5. O-O cxd4 6. Qxd4 a6 7. Bxd7+ Bxd7
8. Bg5 h6 9. Bxf6 exf6 10. Nc3 Rc8 11. Rfc1 Be7 12. Nd5 O-O 13. Nh4 Be6 14. Nf5
Bxd5 15. exd5 h5 16. Re1 Re8 17. Re2 g6 18. Ng3 f5 19. Rae1 h4 20. Nf1 Qd7 21.
Qd2 Bf6 22. c3 h3 23. gxh3 Rxe2 24. Qxe2 Qa4 25. a3 Be5 26. Nd2 Rc5 27. Qd3 Qb5
28. Qxb5 Rxb5 29. Nc4 Rxd5 30. h4 Bf4 31. Re7 Rd1+ 32. Kg2 b5 33. Nb6 Rd2 34.
Nd7 Rxb2 35. h5 Bg5 36. Re8+ Kg7 37. hxg6 fxg6 38. Ra8 Bh4 39. Rxa6 Rxf2+ 40.
Kh1 Bg5 41. a4 bxa4 42. Rxa4 Bf4 43. Kg1 Be3 44. Kh1 f4 45. h4 f3 46. Ra1 Bf4
47. Nb6 Bg3 48. Nc4 Rh2+ 49. Kg1 f2+ 50. Kf1 Rh1+ 51. Kg2 Rxa1 52. Ne3 Rg1+ 53.
Kh3 Bf4 54. Nf1 Kf6 55. h5 g5 56. h6 Kg6 57. Ng3 f1=Q+ 58. Nxf1 g4+ 59. Kh4
Bg5# 0-1

[Event "ICS rated standard match"]
[Site "204.178.125.65"]
[Date "2000.04.03"]
[Round "?"]
[White "JionoJones"]
[Black "Hossa"]
[Result "0-1"]
[WhiteElo "2100"]
[BlackElo "2278"]
[PlyCount "56"]

1. d4 d5 2. c4 e6 3. Nc3 Nf6 4. Bg5 Be7 5. e3 O-O 6. Nf3 Nbd7 7. Rc1 c6 8. Bd3
dxc4 9. Bxc4 Nd5 10. Bxe7 Qxe7 11. O-O Nxc3 12. Rxc3 e5 13. dxe5 Nxe5 14. Nxe5
Qxe5 15. f4 Qe4 16. Qe1 Rd8 17. Qe2 Bf5 18. g4 Bc8 19. f5 b6 20. Rf4 Qe8 21. g5
Rd6 22. Qh5 g6 23. Qh6 Rd1+ 24. Kf2 Bxf5 25. e4 Rd2+ 26. Kg3 Rxb2 27. Rh4 Qe5+
28. Kf3 Qxc3+ 0-1

[Event "ICS rated standard match"]
[Site "204.178.125.65"]
[Date "2000.04.04"]
[Round "?"]
[White "Hossa"]
[Black "Zippy"]
[Result "1-0"]
[WhiteElo "2278"]
[BlackElo "2267"]
[PlyCount "181"]

1. e4 e6 2. d4 d5 3. Nc3 dxe4 4. Nxe4 Be7 5. Nf3 Nd7 6. Bd3 Ngf6 7. Nxf6+ Bxf6
8. Qe2 c5 9. d5 Nb6 10. Bb5+ Kf8 11. dxe6 a6 12. Bd3 Bxe6 13. O-O h6 14. Re1
Qc7 15. a4 Re8 16. a5 Nd5 17. c3 Nxc3 18. bxc3 Bxc3 19. Be3 Bxa1 20. Rxa1 c4
21. Qc2 Bd5 22. Nd2 Qe5 23. Re1 cxd3 24. Bc5+ Kg8 25. Rxe5 dxc2 26. Rxe8+ Kh7
27. Rxh8+ Kxh8 28. Ba3 Bc6 29. Nc4 Be4 30. f3 Bd3 31. Ne5 Bf5 32. Nxf7+ Kh7 33.
Nd6 Be6 34. Nxb7 g5 35. Kf2 Kg6 36. Ke2 Bc4+ 37. Kd2 Bf1 38. g3 Kf5 39. Kxc2
Be2 40. Nc5 Ke5 41. f4+ gxf4 42. gxf4+ Kxf4 43. Bc1+ Ke5 44. Bxh6 Bc4 45. Kc3
Bb5 46. h4 Kd5 47. Bf8 Be2 48. Kd2 Bg4 49. Nxa6 Kc6 50. Nc5 Kb5 51. Nb3 Bh5 52.
Kc3 Bg6 53. Bc5 Bh5 54. Bb6 Bf7 55. Nd4+ Ka6 56. Nf5 Bg6 57. Nd6 Bh5 58. Ne4
Kb7 59. Nf6 Bg6 60. h5 Bf5 61. h6 Kc6 62. Bd4 Kb5 63. a6 Kxa6 64. h7 Bxh7 65.
Nxh7 Kb7 66. Be3 Kb8 67. Kd4 Kb7 68. Kd5 Kb8 69. Kc6 Ka8 70. Bf2 Kb8 71. Ng5
Ka8 72. Ne6 Kb8 73. Nc7 Kc8 74. Ba7 Kd8 75. Nd5 Ke8 76. Bd4 Kf7 77. Nf4 Ke7 78.
Kc7 Ke8 79. Bf2 Ke7 80. Bh4+ Ke8 81. Bg5 Kf7 82. Kd7 Kf8 83. Bh4 Kf7 84. Be7
Kg8 85. Ke8 Kg7 86. Bg5 Kg8 87. Ne6 Kh7 88. Kf7 Kh8 89. Bf4 Kh7 90. Nf8+ Kh8
91. Be5# 1-0

[Event "ICS rated standard match"]
[Site "204.178.125.65"]
[Date "2000.04.04"]
[Round "?"]
[White "LoLmaster"]
[Black "Hossa"]
[Result "1-0"]
[WhiteElo "2200"]
[BlackElo "2293"]
[PlyCount "141"]

1. e4 e5 2. Nf3 Nc6 3. Bb5 a6 4. Ba4 Nf6 5. O-O Be7 6. Bxc6 dxc6 7. Qe1 Nd7 8.
d3 O-O 9. Be3 f5 10. Qc3 fxe4 11. dxe4 a5 12. Nbd2 Bb4 13. Qc4+ Kh8 14. a3 Bxd2
15. Bxd2 Qf6 16. Qc3 Qg6 17. Nxe5 Qxe4 18. Rae1 Qd5 19. Nf3 Nf6 20. Re5 Qa2 21.
Re7 Qg8 22. Qd3 Be6 23. Re1 Rad8 24. Qe2 Bc4 25. Qd1 Nd5 26. R7e5 a4 27. Bg5
Rd7 28. Qd4 b5 29. Qh4 Rdf7 30. R5e4 Rxf3 31. gxf3 Qf7 32. f4 Rg8 33. Qg3 Nb6
34. Re7 Qf5 35. Rxc7 Nd5 36. Rxc6 Qxc2 37. Qf3 Qf5 38. Qe4 Qg4+ 39. Qg2 Qxg2+
40. Kxg2 Nxf4+ 41. Kg3 Nd3 42. Re2 h6 43. Be7 Re8 44. Re3 Nxb2 45. Bd6 Rxe3+
46. fxe3 Nd3 47. Rc7 Kg8 48. e4 Be6 49. Rb7 Bc4 50. Kf3 h5 51. Ke3 g5 52. Rc7
g4 53. Re7 Kh8 54. Rb7 Kg8 55. Rc7 Kh8 56. Kd4 Kg8 57. Bg3 Nc1 58. Ke5 Nb3 59.
Kf6 Bd3 60. Rg7+ Kf8 61. Rd7 Ke8 62. Rxd3 Nc5 63. Rd4 Nd7+ 64. Kg6 Nc5 65. Bh4
Nb7 66. e5 g3 67. hxg3 Kf8 68. e6 Ke8 69. e7 Nd6 70. Rxd6 b4 71. Rd8# 1-0

[Event "ICS rated blitz match"]
[Site "204.178.125.65"]
[Date "2000.04.04"]
[Round "?"]
[White "Hossa"]
[Black "lupica"]
[Result "1-0"]
[WhiteElo "2465"]
[BlackElo "2047"]
[PlyCount "57"]

1. e4 c5 2. Nf3 e6 3. d4 cxd4 4. Nxd4 a6 5. Nc3 Nc6 6. Be2 Qc7 7. Be3 Nf6 8.
O-O d6 9. f4 Be7 10. Qd2 O-O 11. Rad1 Bd7 12. a3 b5 13. Nf3 Rfc8 14. Nd4 Nxd4
15. Bxd4 Bc6 16. Qe3 Qb7 17. Bf3 Nd7 18. Nd5 Bf8 19. Nb4 e5 20. Bc3 a5 21. Nxc6
Qxc6 22. Bg4 Rc7 23. Bxd7 Rxd7 24. Rd5 f6 25. Qd2 Qb6+ 26. Kh1 Rc7 27. fxe5
dxe5 28. Rxe5 fxe5 29. Qd5+ 1-0

[Event "ICS rated blitz match"]
[Site "204.178.125.65"]
[Date "2000.04.04"]
[Round "?"]
[White "iva"]
[Black "Hossa"]
[Result "0-1"]
[WhiteElo "2425"]
[BlackElo "2468"]
[PlyCount "52"]

1. c4 e5 2. Nc3 Nf6 3. Nf3 Nc6 4. d4 exd4 5. Nxd4 Bb4 6. g3 Ne5 7. Qb3 Bxc3+ 8.
Qxc3 d5 9. cxd5 Qxd5 10. f3 O-O 11. Bg2 Rd8 12. Be3 Nc4 13. Bf2 Be6 14. O-O c5
15. Nxe6 Qxe6 16. Bxc5 Rac8 17. Qb4 b6 18. Bf2 Rd2 19. b3 Nd5 20. Qa4 Nce3 21.
Rfc1 Nc3 22. Qa6 Nxe2+ 23. Kh1 Rxc1+ 24. Rxc1 Nxc1 25. Bxe3 Rd1+ 26. Bg1 Ne2
0-1